000 00771nam a22001817a 4500
999 _c59262
_d59262
005 20221226121015.0
008 221226s1976ru xxu||||| |||| 00| 0 rus d
041 _arus
080 _a821.161.1 Ч-56
100 _aЧехов, Антон
_916583
245 _aИзбранные произведения : B - 3х томах
_bТом 1: Рассказы и повести 1880-1888 гг. /
_cАнтон Чехов, Ред : А. Баворенко
264 _aМосква :
_bХудож. лит,
_c1976.
300 _a477 ст,
_b22 см.
653 _aИзбранные произведения
653 _aშერჩეული ნაწარმოებები
700 _a Баворенко, А
_eრედაქტორი
_916584
942 _2udc
_cBK